Zur Problematik der Sonderbehandlung von Überzeugungsverbrechern

Gespeichert in:  
Bibliographische Detailangaben
1. VerfasserIn: Bockelmann, Paul 1908-1987 (Verfasst von)
Medienart: Druck Aufsatz
Sprache:Deutsch
Veröffentlicht: 1974
In: Festschrift für Hans Welzel zum 70. Geburtstag am 25. März 1974
Jahr: 1974, Seiten: 543-556
Verfügbarkeit prüfen: HBZ Gateway
Schlagwörter:

MARC

LEADER 00000caa a2200000 c 4500
001 1396516972
003 DE-627
005 20240604173517.0
007 tu
008 100721s1974 xx ||||| 00| ||ger c
020 |a 3110043459 
035 |a (DE-627)1396516972 
035 |a (DE-576)326516972 
035 |a (DE-599)BSZ326516972 
040 |a DE-627  |b ger  |c DE-627  |e rakwb 
041 |a ger 
100 1 |a Bockelmann, Paul  |d 1908-1987  |0 (DE-588)118512226  |0 (DE-627)079315429  |0 (DE-576)160336236  |4 aut 
109 |a Bockelmann, Paul 1908-1987 
245 1 0 |a Zur Problematik der Sonderbehandlung von Überzeugungsverbrechern  |c Paul Bockelmann 
264 1 |c 1974 
336 |a Text  |b txt  |2 rdacontent 
337 |a ohne Hilfsmittel zu benutzen  |b n  |2 rdamedia 
338 |a Band  |b nc  |2 rdacarrier 
773 0 8 |i In  |t Festschrift für Hans Welzel zum 70. Geburtstag am 25. März 1974  |d Berlin [ u.a.] : de Gruyter, 1974  |g (1974), Seite 543-556  |h X, 956 S.  |w (DE-627)021814317  |w (DE-576)004086635  |z 3110043459  |7 nnam 
773 1 8 |g year:1974  |g pages:543-556 
889 |w (DE-627)826108652 
935 |i mdedup 
951 |a AR 
ELC |b 1 
LOK |0 000 xxxxxcx a22 zn 4500 
LOK |0 001 2746925761 
LOK |0 003 DE-627 
LOK |0 004 1396516972 
LOK |0 005 20260209114205 
LOK |0 008 130522||||||||||||||||ger||||||| 
LOK |0 040   |a DE-21-110  |c DE-627  |d DE-21-110 
LOK |0 689   |a s  |a Überzeugungstäter 
LOK |0 689   |a s  |a Gewissenstäter 
LOK |0 852   |a DE-21-110 
LOK |0 852 1  |m p  |9 00 
LOK |0 935   |a k110 
LOK |0 938   |k p 
LOK |0 939   |a 22-05-13  |b l01 
ORI |a WA-MARC-krimdoka001.raw